| 000 | 00361nam a2200157Ia 4500 | ||
|---|---|---|---|
| 999 |
_c5159 _d5159 |
||
| 008 | 191201s2008 xx 000 0 und d | ||
| 020 | _a9788173660450 | ||
| 082 |
_a005.133 _bGUC |
||
| 100 | _aGUELICH, Scott | ||
| 245 | 0 | _aCGI Programming with Perl | |
| 250 | _a2nd | ||
| 260 |
_aN. delhi _bSPD _c2008 |
||
| 300 | _a451+22 | ||
| 650 | _aMCA | ||
| 942 |
_2ddc _cBK |
||